|
|
|
|
| LEADER |
00903pam a22002898a 4500 |
| 001 |
00024649 |
| 005 |
20171026081023.0 |
| 008 |
110722s1999 ||||||Viesd |
| 020 |
|
|
|c 66000
|
| 041 |
0 |
# |
|a Vie
|
| 082 |
1 |
# |
|a 809
|b H404T
|
| 100 |
0 |
# |
|a Hoài Thanh
|
| 245 |
0 |
0 |
|b 4 tập
|c Hoài Thanh; Từ Sơn sưu tầm
|n T.1
|a Hoài Thanh toàn tập
|
| 260 |
# |
# |
|a H.
|b Văn học
|c 1999
|
| 300 |
# |
# |
|a 731 tr.
|c 21 cm.
|
| 490 |
0 |
# |
|a Văn học hiện đại Việt Nam
|
| 650 |
|
|
|a Hoài Thanh
|
| 650 |
|
|
|a Toàn tập
|
| 653 |
# |
# |
|a Phê bình văn học
|
| 700 |
0 |
# |
|a Từ Sơn
|e sưu tầm, giới thiệu
|
| 852 |
# |
# |
|b Kho mượn
|j KM.0005412
|
| 852 |
# |
# |
|b Kho đọc
|j KD.0007136
|
| 852 |
# |
# |
|j KM.0005412
|j KD.0007136
|
| 910 |
|
|
|d 22/07/2011
|
| 980 |
# |
# |
|a Trung tâm Học liệu Lê Vũ Hùng, Trường Đại học Đồng Tháp
|